000 00512nam a22001697a 4500
005 20260407114541.0
008 260407b |||||||| |||| 00| 0 eng d
037 _cDSWL
040 _aDSWL
_cDSWL
041 _heng
100 _aDabi, Yomri
_91234209
245 _aSocio-cultural practices of menstruation and it's impact on women's health
260 _aNew Delhi,
_bDepartment of Social Work,
_c2017
300 _a99p
942 _2CC
_cTH
_n0
999 _c1848031
_d1848031